Größte Länder am Pazifik - Statistiken

Allgemein
  • Dieses Quiz wurde 124 mal gespielt
  • Das Durchschnittsergebnis liegt bei 14 aus 15
Antwortstatistiken
km² Land % Korrekt
7.692.024 Australien
100%
9.572.900 China
99%
9.984.670 Kanada
99%
9.525.067 Vereinigte Staaten
98%
756.102 Chile
97%
377.930 Japan
97%
17.098.246 Russland
97%
1.910.931 Indonesien
96%
1.964.375 Mexiko
96%
1.285.216 Peru
92%
1.141.748 Kolumbien
88%
331.212 Vietnam
80%
330.803 Malaysia
77%
462.840 Papua Neuguinea
74%
513.120 Thailand
72%
Keine übereinstimmenden Quizze gefunden
Verteilung der Resultate
Anzahl Personen mit jedem Resultat
Perzentil nach korrekt beantworteten Fragen
Ihre Resultats-Entwicklung
Sie haben dieses Quiz noch nicht gespielt